Flugziele vom Flughafen Karlsruhe/Baden-Baden (FKB) - Statistiken

Allgemein
  • Dieses Quiz wurde 101 mal gespielt
  • Das Durchschnittsergebnis liegt bei 18 aus 36
Antwortstatistiken
Land Airlines Flugziel % Korrekt
Griechenland Enter Air Rhodos / RHO
92%
Albanien Wizz Air Tirana / TIA
89%
Bulgarien Ryanair Sofia / SOF
85%
Schweden Ryanair Stockholm / ARN
82%
Vereinigtes Königreich Ryanair London / STN
79%
Portugal Ryanair Porto / OPO
78%
Kroatien Ryanair Zagreb / ZAG
78%
Italien Ryanair Mailand / BGY
77%
Serbien Wizz Air Belgrad / BEG
70%
Nordmazedonien Wizz Air Skopje / SKP
70%
Spanien Ryanair Valencia / VLC
67%
Türkei Corendon,Freebird, Mavi Gök Antalya / AYT
62%
Italien Ryanair Palermo / PMO
62%
Portugal Ryanair Faro / FAO
51%
Kroatien Ryanair Dubrovnik / DBV
48%
Griechenland Enter Air Heraklion / HER
47%
Spanien Condor,Enter Air, Eurowings, Ryanair Palma de Mallorca / PMI
47%
Kroatien Ryanair Zadar / ZAD
45%
Spanien Ryanair Alicante / ALC
44%
Spanien Ryanair Malaga / AGP
44%
Italien Ryanair Bari / BRI
41%
Griechenland Enter Air Kos / KGS
41%
Spanien Enter Air Gran Canaria / LPA
38%
Griechenland Ryanair Korfu / CFU
38%
Italien Ryanair Cagliari / CAG
36%
Spanien Enter Air Fuerteventura / FUE
36%
Marokko Ryanair Agadir / AGA
34%
Spanien Ryanair Girona / GRO
34%
Bosnien und Herzegowina Ryanair Banja Luka / BNX
33%
Rumänien Wizz Air Timisoara / TSR
33%
Marokko Ryanair Fés / FEZ
32%
Italien Ryanair Lamezia Terme / SUF
26%
Rumänien Wizz Air Sibiu / SBZ
26%
Marokko Ryanair Tanger / TNG
19%
Montenegro Air Montenegro Tivat / TIV
18%
Italien Ryanair Trapani / TPS
10%
Keine übereinstimmenden Quizze gefunden
Verteilung der Resultate
Anzahl Personen mit jedem Resultat
Perzentil nach korrekt beantworteten Fragen
Ihre Resultats-Entwicklung
Sie haben dieses Quiz noch nicht gespielt